00514nam a2200157Ia 4500001001000000003000500010008004100015010001100056040000900067110005800076245012700134260001900261300000900280650003600289650003100325Para_6629CHAP220125s1983 xx 000 0 und d a205428 cCHAP aStation de Recherches de Lutte Biologique, La Miniere aLutte biologique contre les aleurodes et les acariens en serre /c by Station de Recherches de Lutte Biologique La Maniere aParis :b INRA a1 h. aControl biológico de insectos aTrialeurodes vaporariorum